[Event "FRA-ch opA U18"]
[Site "Calvi"]
[Date "2005.04.??"]
[Round "1"]
[White "Leroy, Olivier"]
[Black "Leheu, Tanguy"]
[Result "1-0"]
[WhiteElo "1980"]
[BlackElo "1390"]
[PlyCount "61"]
[EventDate "2005.04.??"]
[EventType "swiss"]
[EventRounds "9"]
[EventCountry "FRA"]
[SourceTitle "EXT 2006"]
[Source "ChessBase"]
[SourceDate "2005.11.24"]
[SourceVersion "1"]
[SourceVersionDate "2005.11.24"]
[SourceQuality "1"]

1. f4 d5 2. Nf3 Nc6 3. g3 Bg4 4. Bg2 e6 5. 0-0 Bc5+ 6. Kh1 Nf6 7. c3 0-0 8. d4 Bb6 9. b4 h6 10. a4 a6 11. Qe1 a5 12. b5 Ne7 13. Ne5 Ne4 14. Nxg4 c5 15. bxc6 bxc6 16. Nd2 Nxd2 17. Bxd2 c5 18. e3 c4 19. e4 f5 20. exf5 exf5 21. Ne5 Bc7 22. Rb1 Rb8 23. Rxb8 Qxb8 24. Nd7 Qb3 25. Qxe7 Ra8 26. Bxd5+ Kh8 27. Nf8 Qb8 28. Bxa8 Qxa8+ 29. Kg1 Qb8 30. Ne6 Bd6 31. Qxg7# 1-0